000 01021nam a2200289 i 4500
001 12552
003 KOSZ 005
005 20220330092059.0
008 071029s1967 pl a f f 001 0 pol
015 _aPB 1967/1660
040 _aWA N
_cKOSZ 005/ID
_dKOSZ 005/ID
080 _a519:63
100 1 _aOktaba, Wiktor
_d(1920-2009).
245 1 0 _aElementy statystyki matematycznej i metodyka doświadczalnictwa /
_cWiktor Oktaba.
250 _aWyd. 2 popr.
260 _aWarszawa :
_bPaństwowe Wydawnictwo Naukowe,
_c1967.
300 _a310, [1] s. :
_bil. ;
_c24 cm.
380 _aKsiążki.
500 _aRok wyd. 1966.
504 _aBibliogr. s.[299]-302. Indeks.
650 4 _aEksperyment
_xmetody.
650 4 _aStatystyka matematyczna
_xstosowanie
_xrolnictwo.
655 4 _aPodręczniki akademickie
650 4 _aRolnictwo doświadczalne
_xmetody.
856 _uhttp://koha.tu.koszalin.pl/cgi-bin/koha/opac-detail.pl?biblionumber=12552
_yKatalog online BPK
942 _2UKD
_cKS
999 _c12552
_d12552